Marketing Communication of Ruinpubs

Bibliográfiai részletek
Szerző: Pálinkás Zsófia
További közreműködők: Papp Judit
Dokumentumtípus: Diplomadolgozat
Kulcsszavak:Marketing
Communication
Belföldi turizmus
Online Access:http://dolgozattar.uni-bge.hu/15073

MARC

LEADER 00000nta a2200000 i 4500
001 dolg15073
005 20180727134829.0
008 180427suuuu hu om 000 eng d
040 |a BGE Dolgozattár Repozitórium  |b hun 
041 |a en 
100 1 |a Pálinkás Zsófia 
245 1 0 |a Marketing Communication of Ruinpubs  |c Pálinkás Zsófia  |h [elektronikus dokumentum] 
246 1 1 |a Romkocsmák marketingkommunikációja 
246 1 1 |a Marketing Communication of Ruinpubs 
695 |a Marketing 
695 |a Communication 
695 |a Belföldi turizmus 
700 1 |a Papp Judit  |e ths 
856 4 0 |u http://dolgozattar.uni-bge.hu/15073/1/Marketing-Communication-of-Ruinpubs-Zs%C3%B3fia-P%C3%A1link%C3%A1s-Z1XZHB%20-%20final.pdf  |z Dokumentum-elérés